| 000 | 00715nam a2200193Ia 4500 | ||
|---|---|---|---|
| 003 | GCL | ||
| 008 | 140319s9999 xx 000 0 ara d | ||
| 040 |
_aGCL / _cGCL |
||
| 082 | 0 | 4 |
_a920.5 _bم ع |
| 100 | 1 | _aالمركز القومى للبحوث الاجتماعي | |
| 245 | 1 | 0 |
_aعزت السعدنى: الكتابة بمداد الحب والبراءة / _cالمركز القومى للبحوث الاجتماعي |
| 700 | 1 | _aالمركز القومى لثقافة الطفل | |
| 300 | _a31 ص | ||
| 490 |
_aالهيئة العامة للاستعلامات _v0 |
||
| 650 | 0 | 4 | _aالصحافة |
| 650 | 0 | 4 | _aالصحفيون المصريون |
| 650 | 0 | 4 | _aالصحفيون - تراجم |
| 942 |
_2ddc _cBK |
||
| 999 |
_c50463 _d50463 |
||